Mechanics
Salvato in:
| Autore principale: | |
|---|---|
| Natura: | Libro |
| Lingua: | inglese |
| Pubblicazione: |
Reading
Addison-Wesley
1960
|
| Edizione: | 2a. ed |
| Soggetti: | |
| Tags: |
Aggiungi Tag
Nessun Tag, puoi essere il primo ad aggiungerne!!
|
MARC
| LEADER | 00000nam a2200000 a 4500 | ||
|---|---|---|---|
| 001 | UCO6779 | ||
| 003 | CL-VaPUC | ||
| 008 | 001027e19600000US |||||||||||||||||eng|d | ||
| 082 | 0 | 4 | |a 531.1 |b SYM |2 21 |
| 100 | 0 | |a Symon, Keith R |e author |9 451562 | |
| 245 | 1 | 0 | |a Mechanics |
| 250 | |a 2a. ed | ||
| 300 | |a 557 p | ||
| 942 | |c BK | ||
| 945 | |d 20001027 00:00:00 |a lriquelm | ||
| 260 | |a Reading |b Addison-Wesley |c 1960 | ||
| 650 | 0 | |a Mecánica |9 260096 | |
| 650 | 7 | |a ENERGIA FISICA |2 CL-VaPUC |9 357667 | |
| 650 | 0 | |a Propiedades mecánicas |9 262507 | |
| 650 | 0 | |a partículas elementales |9 349874 | |
| 650 | 0 | |a Física |9 227844 | |
| 650 | 0 | |a Gravitación |9 332312 | |
| 650 | 0 | |a Movimiento física |9 359702 | |
| 583 | |a last modification |c 20001027 00:00:00 |k Rodrigo Vera | ||
| 999 | |c 292192 |d 292190 | ||
| 952 | |0 0 |1 0 |4 0 |6 531_100000000000000_SYM_1960 |7 0 |8 A |9 342860 |a BIBCUR |b BIBCUR |d 2019-11-20 |i 4542967 |o 531.1 SYM 1960 |p 4542967 |r 2025-04-22 |w 2019-11-20 |y BK |k FIS | ||